00526nam a2200205Ia 4500003000400000005001700004008004100021020001800062040000700080041000800087082001700095100004000112245005400152250000600206260005100212300001500263365001300278650001500291650001400306OSt20230623150129.0210423s2005 xx 000 0 und d a81-239-0859-8 cAL aeng a615.845 FORC aFORSTER (Angela);PALASTANGA (Nigel) aClaytons electrotherapy: theory and practice Ed 8 a8 aNew DelhibCBS Publishers & Distributorsc2005 avi,233bPB b325cINR aTechnology aTherapies